Les grands événements de 1965 à 1969 - Statistiques

Statistiques générales
  • Ce quiz a été pris 3 fois
  • Le résultat moyen est 15 sur 75
Statistiques - réponses
Question Réponse % Correct
Naufrage du pétrolier Torrey Canyon le 18 mars 1967
67%
Soyouz s'écrave à l'atterrissage - 1 mort - le 23 avril 1967
67%
Début de la grève générale en France 1968
67%
Début des troubles étudiants le 22 mars à Nanterre 1968
67%
Début de l'écrasement du printemps de Prague en Tchécoslovaquie par les Soviétiques le 20 août 1968
67%
Premiers pas sur la Lune le 21 juillet 1969
67%
15 juin Election de Georges Pompidou, président de la République 1969
67%
Mort de Hô Chi Minh le 2 septembre 1969
67%
Démission du président de Gaulle le 28 avril 1969
67%
2 mars Premier vol du Concorde 1969
67%
Sortie d'Il était une fois dans l'ouest en France le 27 août 1969
67%
Election de Charles de Gaulle à la présidence de la République le 19 décembre 1965
33%
Clôture du concile Vatican II le 8 décembre 1965
33%
Naissance de Guy Forget le 4 janvier 1965
33%
Lancement du 1er satellite français, Astérix le 26 novembre 1965
33%
Mort de Winston Churchill le 24 janvier 1965
33%
Enlévement de Mehdi Ben Barka à Paris le 29 octobre 1965
33%
Début des inondations à Venise et Florence le 4 novembre 1966
33%
Sortie d'Un homme et une Femme au cinéma le 27 mai 1966
33%
Naissance de Dany Boon le 26 juin 1966
33%
Le 25 mai début des émeutes en Guadeloupe - 87 morts 1967
33%
Le 24 mai sortie de Blow-up au cinéma, palme d'or à Cannes 1967
33%
Signature des accords de Grenelle après les événements du mois, le 27 mai 1968
33%
Fin du déplacement des temples d'Abou Simbel le 22 septembre, en prévision de la construction du barrage d'Assouan 1968
33%
Séisme de 7.3 de magnitude à Khorassan en Iran - 12 à 15000 morts - le 31 août 1968
33%
Richard Nixon est élu président des Etats-Unis le 5 novembre 1968
33%
Le 5 juin, assassinat de Robert Kennedy 1968
33%
Début du festival de Woodstock le 15 août 1969
33%
Sortie du film Le Cerveau le 7 mars 1969
33%
Yassar Arafat devient président de l'OLP le 1er février 1969
33%
Assassinat de Sharon Tate, actrice, le 9 août 1969
33%
30 novembre Entrée en vigueur de la réforme liturgique après Vatican II 1969
33%
Début de l'éruption de Kilauea à Hawaï le15 octobre 1969
33%
Mort de Jack Kerouac, écrivain, le 21 octobre 1969
33%
20 janvier Investiture de Richard Nixon comme président 1969
33%
Inauguration du tunnel du Mont Blanc entre la France et l'Italie 1965
0%
Indépendance de la Gambie le 18 février 1965
0%
Présentation de la Renault 16, 1ère voiture à hayon le 7 mars 1965
0%
Sortie du film "Le Corniaud" le 24 mars 1965
0%
Mort de Charles Jenneret dit Le Corbusier, architecte, le 27 août 1965
0%
France Gall remporte le Concours Eurovision pour le Luxembourg avec Poupée de cire, poupée de son le 20 mars 1965
0%
Naissance de Michel Desjoyeaux, navigateur, le 16 juillet 1965
0%
Indépendance de Singapour le 9 août 1965
0%
Assassinat de Malcolm X le 21 février 1965
0%
Dernier concert des Beatles à San Francisco le 28 juin 1966
0%
Début de la Révolution culturelle en Chine le 18 avril 1966
0%
Indépendance de la Barbade le 30 novembre 1966
0%
Le 7 mars, la France quitte le commandement intégré de l'OTAN 1966
0%
Mort de Walt Disney le 15 décembre 1966
0%
Naissance de José Garcia le 17 mars 1966
0%
Mort du président Auriol le 1er janvier 1966
0%
Indépendance du Lesotho le 4 octobre 1966
0%
Naissance d'Eric Cantona le 24 mai 1966
0%
L'archevêque de Cantorbéry est reçu par le pape Paul VI le 23 mars 1966
0%
Indépendance du Guyana le 26 mai 1966
0%
Indépendance du Botswana le 30 septembre 1966
0%
Mort de René Magritte, peintre le 15 a oût 1967
0%
La Suède adopte la conduite à droite le 3 septembre 1967
0%
Sortie en Angleterre d'All you need is love des Beatles le 7 juillet 1967
0%
Mort de Konrad Adenauer, chancelier allemand, le 19 avril 1967
0%
Discours de de Gaulle "Vive le Québec libre" le 24 juillet 1967
0%
Le 5 juin début de la Guerre des 6 jours impliquant l'Egypte, la Jordanie, la Syrie et l'Egypte 1967
0%
1ère bombe H chinoise le 17 juin 1967
0%
Le vaisseau Apollo 1 est détruit au sol - 3 morts - le 27 janvier 1967
0%
Mort du maréchal Juin le 27 janvier 1967
0%
Mort de Che Guevara en Bolivie le 9 octobre 1967
0%
Sortie des Demoiselles de Rochefort au cinéma le 8 mars 1967
0%
Indépendance de l'Ile Maurice le 12 mars 1968
0%
Massacre de My Laï au Viet-Nam - 450 à 500 victimes - le 16 mars 1968
0%
Indépendance de la Guinée équatoriale de l'Espagne le 12 octobre 1968
0%
Assassinat de Martin Luther King le 4 avril 1968
0%
René Cassin, prix Nobel de la Paix le 9 octobre 1968
0%
Indépendance de Nauru le 31 janvier 1968
0%
Mort de Youri Gagarine, premier homme dans l'espace, le 27 mars 1968
0%
Mort de Dwight Eisenhower le 28 mars 1969
0%
Aucun quiz correspondant
Distribution des résultats
% des personnes avec chaque résultat
Percentile par nombre de réponses
Votre historique - résultats
Vous n’avez pas pris ce quiz